Geology and ground-water resources of the Matanuska Valley agricultural area, Alaska. (Record no. 29452)

MARC details
000 -LEADER
fixed length control field 01529cam a22003251 4500
001 - CONTROL NUMBER
control field gs 60000209
003 - CONTROL NUMBER IDENTIFIER
control field DLC
005 - DATE AND TIME OF LATEST TRANSACTION
control field 20260227111409.0
008 - FIXED-LENGTH DATA ELEMENTS--GENERAL INFORMATION
fixed length control field 770317s1960 dcuab b f000 0 eng c
010 ## - LIBRARY OF CONGRESS CONTROL NUMBER
LC control number gs 60000209
040 ## - CATALOGING SOURCE
Original cataloging agency U.S. Geol. Survey. Libr.
Transcribing agency ak
Modifying agency DLC
043 ## - GEOGRAPHIC AREA CODE
Geographic area code n-us-ak
050 00 - LIBRARY OF CONGRESS CALL NUMBER
Classification number TC801
Item number .U2 no. 1494
051 ## - LIBRARY OF CONGRESS COPY, ISSUE, OFFPRINT STATEMENT
Classification number QE84.M3
Item number T69
082 00 - DEWEY DECIMAL CLASSIFICATION NUMBER
Classification number 557.983
100 1# - MAIN ENTRY--PERSONAL NAME
Personal name Trainer, Frank W.
Fuller form of name (Frank Wilson),
Dates associated with a name 1921-
245 00 - TITLE STATEMENT
Title Geology and ground-water resources of the Matanuska Valley agricultural area, Alaska.
260 ## - PUBLICATION, DISTRIBUTION, ETC.
Place of publication, distribution, etc. Washington :
Name of publisher, distributor, etc. U.S. Govt. Print. Off.,
Date of publication, distribution, etc. 1960.
300 ## - PHYSICAL DESCRIPTION
Extent v, 116 p. :
Other physical details maps (1 col.), diagrs., tables ;
Dimensions 24 cm.
490 1# - SERIES STATEMENT
Series statement United States. Geological Survey. Water-supply paper
Volume/sequential designation 1494
500 ## - GENERAL NOTE
General note Part of illustrative matter folded in pocket.
501 ## - WITH NOTE
With note TC801.U2 no. 1494 Copy 1 with : Compilation of records of surface waters of the United States through September 1950. pt.8. Western Gulf of Mexico Basins. Washington, D.C. : U.S. G.P.O., 1960. Bound together subsequent to publication.
Institution to which field applies DLC
501 ## - WITH NOTE
With note TC801.U2 no. 1494 copy 2 with : Bibliography of publications relating to ground water. Washington, D.C. : U.S. G.P.O., 1957. Bound together subsequent to publication.
Institution to which field applies DLC
504 ## - BIBLIOGRAPHY, ETC. NOTE
Bibliography, etc. note Bibliography: p. 72-74.
650 #0 - SUBJECT ADDED ENTRY--TOPICAL TERM
Topical term or geographic name entry element Geology
Geographic subdivision Alaska
-- Matanuska Valley.
650 #0 - SUBJECT ADDED ENTRY--TOPICAL TERM
Topical term or geographic name entry element Groundwater
Geographic subdivision Alaska
-- Matanuska Valley.
650 #0 - SUBJECT ADDED ENTRY--TOPICAL TERM
Topical term or geographic name entry element Water-supply
Geographic subdivision Alaska
-- Matanuska Valley.
830 #0 - SERIES ADDED ENTRY--UNIFORM TITLE
Uniform title Geological Survey water-supply paper ;
Volume/sequential designation 1494.

No items available.

Powered by Koha